| 000 | 01245nam a2200301 i 4500 | ||
|---|---|---|---|
| 003 | EG-GICUC | ||
| 005 | 20260121101413.0 | ||
| 008 | 251201s1925 -ge||||fr|||| 00| 0 ger d | ||
| 040 |
_aEG-GiCUC _bger _cEG-GiCUC _dEG-GiCUC _erda |
||
| 041 | _ager | ||
| 082 | 0 | 4 |
_221 _a341.71040 _bGR |
| 092 | 0 | 4 | _221 |
| 099 | _aLaw1 11 341.71040 GR 1925 | ||
| 245 |
_aDie Große Politik der Europäischen Kabinette 1871–1914 : _bSammlung der Diplomatischen Akten des Auswärtigen Amtes. _n23 .Band , Zweiter Teil, _cHerausgegeben im Auftrage des Auswärtigen Amtes. _pDie Zweite Haager Friedenskonferenz Nordsee-und Ostsee-Abkommen , Zweite Hälfte / |
||
| 246 | 1 | _bDreiundzwanzig Band , Zweiter Teil. | |
| 264 | 1 |
_aBerlin : _bDeutsche Verlagsgesellschaft für Politik und Geschichte, _c1925. |
|
| 300 |
_a568 pages ; _c24 cm. _billustrations, |
||
| 336 |
_2rda content _atext |
||
| 337 |
_2rda media _aComputer |
||
| 338 |
_2rda carrier _aOnline Resource |
||
| 504 | _aBibliographische Hinweise | ||
| 546 | _a Text in German | ||
| 650 | 1 |
_aInternationale Politik _xÖffentliches Völkerrecht _zEuropäischen _2qrmak |
|
| 651 | 1 | _2qrmak | |
| 856 | 4 | 0 | _uhttps://fll.law.cu.edu.eg/fulltext/bks/B11-05698.pdf |
| 905 |
_a75 _eYara |
||
| 942 |
_2ddc _cBK _e21 _n0 |
||
| 999 |
_c47765 _d47765 |
||